banner koha

Atrás do mercado sustentável (Registro n. 339661)

MARC details
000 -LÍDER
fixed length control field 00767nab a2200229 4500
003 - CÓDIGO MARC DA AGÊNCIA CATALOGADORA
Campo de controle BR-BrBNA
005 - DATA E HORA DA ÚLTIMA ATUALIZAÇÃO
Campo de controle 20251230164117.0
008 - CAMPO DE TAMANHO FIXO
fixed length control field 251229b bl.||||| |||| 00| 0 por d
040 ## - FONTE DA CATALOGAÇÃO
Agência catalogadora BR-BrBNA
Idioma da catalogação por
072 ## - CATEGORIA AGRIS
Código AGRIS K10 ; K50 ; D50 ; P01
Código do objeto 3000
100 ## - ENTRADA PRINCIPAL - NOME PESSOAL
Nome pessoal Pontes, Alécia
245 ## - TÍTULO PRINCIPAL
Título principal Atrás do mercado sustentável
Subtítulo Agronegócios
500 ## - NOTA GERAL
Nota geral 4 illus.
942 ## - ADDED ENTRY ELEMENTS (KOHA)
Koha item type Analítica
650 ## - ASSUNTO - THESAGRO
Cabeçalho tópico ou nome geográfico PRODUÇÃO FLORESTAL
650 ## - ASSUNTO - THESAGRO
Cabeçalho tópico ou nome geográfico MADEIRA
650 ## - ASSUNTO - THESAGRO
Cabeçalho tópico ou nome geográfico CERTIFICAÇÃO
650 ## - ASSUNTO - THESAGRO
Cabeçalho tópico ou nome geográfico SELO DE QUALIDADE
650 ## - ASSUNTO - THESAGRO
Cabeçalho tópico ou nome geográfico SUSTENTABILIDADE
773 0# - ENTRADA ANALÍTICA
Host Biblionumber 1706
Registro do item 348086
Imprenta São Paulo-SP Editora Três Ltda - E-mail: luizfsa@revistadinheiro.com.br 2004
Outro identificador 2025-0579
Título Dinheiro Rural (Brazil)
ISSN 1807-3700
Colação v. 9(106) p. 62-64; (Aug 2013)
Número de controle de registro BR2025005349

Nenhum exemplar disponível.

BINAGRI

Telefone: (61)3218-2567/2388/3357/2097 - binagri@agro.gov.br

Ministério da Agricultura e Pecuária , Esplanada dos Ministérios, Bloco D, Anexo B, Brasília/DF, CEP: 70.043-900